Kraje najbliżej Gwinei Bissau - Statystyki

Ogólne statystyki
  • Ten quiz został rozwiązany 42 razy
  • Średni wynik to 15 z 20
Statystyki odpowiedzi
km kraj % Poprawnych
0 Gwinea
92%
1668 Maroko
92%
1511 Niger
92%
1479 Togo
92%
1188 Ghana
89%
1832 Nigeria
89%
0 Senegal
89%
208 Mali
86%
280 Mauretania
86%
1657 Algieria
84%
1586 Benin
84%
61 Gambia
84%
900 Burkina Faso
78%
637 Côte d'Ivoire
78%
519 Liberia
76%
249 Sierra Leone
76%
758 Cabo Verde
73%
921 Sahara Zachodnia
38%
1674 Hiszpania
27%
2225 Portugalia
22%
Nie znaleziono quizów pasujących do podanych kryteriów
Rozkład punktacji
Procent ludzi z każdym wynikiem
Percentyl według liczby udzielonych odpowiedzi
Twoja historia wyników
Nie rozwiązałeś tego quizu